| 000 | nam a22 7a 4500 | ||
|---|---|---|---|
| 999 |
_c330841 _d330841 |
||
| 003 | NUST | ||
| 005 | 20170816114946.0 | ||
| 008 | 170816b xxu||||| |||| 00| 0 eng d | ||
| 040 | _cNUST | ||
| 082 |
_a954.91 _bCHA |
||
| 100 |
_aChaudhary, Muhammad Azam _93914 |
||
| 245 |
_aPakistan: _baik amomi mutalia/ _cby Muhammad Azam Chaudhary |
||
| 260 |
_aKarachi: _bWafaqi Urdu University, _c2005 |
||
| 300 | _a319 p. | ||
| 500 | _aPakistan study | ||
| 504 | _aInclude bibliographies | ||
| 650 |
_aPakistan Study _93915 |
||
| 880 |
_6100-01\(3\r _aمحمد اعظم چوہدری |
||
| 880 |
_6245-02\(3\r _aپاکستان: _bایک عمومی مطالعہ _cمحمد اعظم چوہدری |
||
| 880 |
_6260-03\(3\r _aکراچی: _bوفاقی اردو یونیورسٹی، _c2005 |
||
| 942 |
_2ddc _cBK |
||